[Event "VI Festival A"]
[Site "Amantea ITA"]
[Date "2008.09.02"]
[Round "3"]
[White "Isonzo, David"]
[Black "Marholev, Dimitar"]
[Result "0-1"]
[WhiteElo "2362"]
[BlackElo "2366"]
[PlyCount "56"]
[EventDate "2008.08.31"]

1. e4 e5 2. Nf3 Nc6 3. Bb5 g6 4. Bxc6 dxc6 5. O-O Bg7 6. b3 c5 7. d3 Ne7 8. Be3
b6 9. Qc1 h6 10. Nbd2 g5 11. Nc4 Ng6 12. Qd1 O-O 13. a3 Qe7 14. Bd2 f5 15. Ne3
f4 16. Nf5 Bxf5 17. exf5 Rxf5 18. Bc3 g4 19. Nd2 Qh4 20. h3 f3 21. hxg4 Qxg4
22. Nxf3 Nf4 23. g3 Nh3+ 24. Kg2 Rxf3 25. Bd2 Raf8 26. Be3 e4 27. Rc1 Bd4 28.
dxe4 Nxf2 0-1

[Event "VI Festival A"]
[Site "Amantea ITA"]
[Date "2008.09.02"]
[Round "3"]
[White "Ljubisavljevic, Zivojin Z."]
[Black "Sabia, Corrado"]
[Result "0-1"]
[WhiteElo "2261"]
[BlackElo "2205"]
[PlyCount "73"]
[EventDate "2008.08.31"]

1. d4 d5 2. c3 Nf6 3. Bg5 Nbd7 4. Nf3 g6 5. Qc1 h6 6. Bf4 Bg7 7. Na3 c6 8. h3
Qb6 9. g4 Ne4 10. e3 g5 11. Bh2 h5 12. gxh5 Rxh5 13. Nd2 Ndf6 14. Be5 Nxd2 15.
Qxd2 Ne4 16. Qe2 Bxe5 17. dxe5 Bg4 18. Qc2 Bf3 19. Be2 g4 20. Bxf3 gxf3 21.
O-O-O O-O-O 22. Rd4 c5 23. Rxe4 dxe4 24. Qxe4 Qe6 25. Qxf3 Rxe5 26. Qf4 f5 27.
Qc4 Qc6 28. Rg1 Qf3 29. Qf1 Red5 30. Nc4 b5 31. Na5 c4 32. Nc6 Rd1+ 33. Qxd1
Rxd1+ 34. Rxd1 Qxc6 35. Rd4 Qh1+ 36. Kd2 Qxh3 37. b3 0-1

[Event "VI Festival A"]
[Site "Amantea ITA"]
[Date "2008.09.02"]
[Round "3"]
[White "Maiorov, Nikita"]
[Black "Shaw, David A."]
[Result "1-0"]
[WhiteElo "2535"]
[BlackElo "2269"]
[PlyCount "61"]
[EventDate "2008.08.31"]

1. d4 e6 2. c4 d5 3. Nf3 Nf6 4. Nc3 Nbd7 5. e3 Be7 6. b3 O-O 7. Bb2 b6 8. cxd5
exd5 9. Bd3 Bb7 10. O-O Ne4 11. Qc2 Ndf6 12. Ne2 c5 13. Ng3 Rc8 14. Qe2 Nxg3
15. hxg3 cxd4 16. Nxd4 Ne4 17. Bxe4 dxe4 18. Nf5 Rc6 19. Bxg7 Re8 20. Rfd1 Qc8
21. Qh5 Qe6 22. Bh6 Qe5 23. Bf4 Qe6 24. Qg4+ Qg6 25. Nxe7+ Rxe7 26. Rd8+ Kg7
27. Bh6+ Kf6 28. Qf4+ Ke6 29. Rad1 f6 30. R1d6+ Rxd6 31. Qxd6+ 1-0

[Event "VI Festival A"]
[Site "Amantea ITA"]
[Date "2008.09.02"]
[Round "3"]
[White "Procacci, Sergio"]
[Black "Grimaldi, Fabio"]
[Result "1-0"]
[WhiteElo "2006"]
[BlackElo "1814"]
[PlyCount "97"]
[EventDate "2008.08.31"]

1. e4 e5 2. f4 exf4 3. Nf3 d6 4. Bc4 Be6 5. Bxe6 fxe6 6. d4 h6 7. Bxf4 g5 8.
Be3 Bg7 9. Qd3 Ne7 10. Qb3 Qc8 11. O-O O-O 12. Nbd2 Nbc6 13. c3 Qd7 14. Qc2 e5
15. Rae1 Ng6 16. Qb3+ Kh8 17. d5 Na5 18. Qc2 b6 19. b4 Nb7 20. h3 Nf4 21. Bxf4
gxf4 22. Nh4 Kh7 23. Ndf3 Bf6 24. Nf5 Rg8 25. Qe2 Nd8 26. Nh2 Nf7 27. Kh1 Rg6
28. Rg1 Rag8 29. Qf2 Qb5 30. Qc2 Ng5 31. Rd1 Qc4 32. Rge1 c6 33. Nxd6 Qa6 34.
Nf5 cxd5 35. h4 Nxe4 36. Rxe4 dxe4 37. Qxe4 h5 38. Nf3 Kh8 39. Nxe5 Bxe5 40.
Qxe5+ Kh7 41. Ne7 Kh6 42. Nxg8+ Rxg8 43. Qf6+ Kh7 44. Qf7+ Rg7 45. Qxh5+ Kg8
46. Re1 Rf7 47. Re8+ Kg7 48. Qg5+ Kh7 49. Qg8+ 1-0

[Event "VI Festival A"]
[Site "Amantea ITA"]
[Date "2008.09.02"]
[Round "3"]
[White "Savage, Ben D.M."]
[Black "Bentivegna, Francesco"]
[Result "1-0"]
[WhiteElo "2309"]
[BlackElo "2329"]
[PlyCount "105"]
[EventDate "2008.08.31"]

1. e4 d5 2. exd5 Qxd5 3. Nc3 Qa5 4. d4 Nf6 5. Nf3 c6 6. Bc4 Bf5 7. Ne5 e6 8. g4
Bg6 9. h4 Nbd7 10. Nxd7 Nxd7 11. h5 Be4 12. Rh3 Bd5 13. Bd3 O-O-O 14. Bd2 e5
15. dxe5 Nxe5 16. Nxd5 Qxd5 17. Bf5+ Kb8 18. Bc3 f6 19. Qxd5 Rxd5 20. f4 Nd7
21. Rd1 Rxd1+ 22. Kxd1 Kc7 23. h6 gxh6 24. Rd3 Nc5 25. Rd8 Kxd8 26. Bxf6+ Kc7
27. Bxh8 Bd6 28. Bd4 Nd7 29. Be3 Nf6 30. c4 b5 31. b3 a5 32. Ke2 a4 33. Kf3
axb3 34. axb3 bxc4 35. bxc4 Bf8 36. Bd4 Be7 37. Be5+ Kb6 38. Ke3 Kc5 39. Kd3
Kb6 40. Bb2 Kc7 41. Be5+ Kb6 42. Bc3 Kc5 43. Bd2 Kb6 44. Be3+ Kc7 45. Kd4 Kd6
46. c5+ Kc7 47. Be6 h5 48. g5 Ng4 49. Bg1 h6 50. Bxg4 hxg4 51. gxh6 Kd7 52. Ke4
Bf6 53. Bd4 1-0

[Event "VI Festival A"]
[Site "Amantea ITA"]
[Date "2008.09.02"]
[Round "3"]
[White "Shytaj, Luca"]
[Black "Spassov, Liuben D."]
[Result "1-0"]
[WhiteElo "2467"]
[BlackElo "2428"]
[PlyCount "99"]
[EventDate "2008.08.31"]

1. e4 c6 2. d4 d5 3. f3 g6 4. e5 Nh6 5. Nc3 Bg7 6. f4 f6 7. Be2 O-O 8. Nf3 Bg4
9. O-O Nd7 10. h3 Bxf3 11. Rxf3 fxe5 12. fxe5 Qb6 13. Na4 Qa5 14. c3 Qc7 15. b4
b6 16. Bg5 Rxf3 17. Bxf3 e6 18. Nb2 Nf7 19. Be3 Bh6 20. Bxh6 Nxh6 21. Qd2 Nf5
22. Bg4 Rf8 23. Rf1 Qd8 24. Nd3 Rf7 25. Bxf5 Rxf5 26. Rxf5 exf5 27. Qe2 Nf8 28.
Nf4 b5 29. Kf2 Qe7 30. a4 a6 31. Qa2 Ne6 32. Nxe6 Qxe6 33. axb5 axb5 34. Qa8+
Kg7 35. Qd8 h6 36. h4 f4 37. Qc7+ Kg8 38. Kf1 Kf8 39. Qh7 g5 40. hxg5 hxg5 41.
Qh8+ Kf7 42. Qh3 Ke7 43. Qh7+ Kf8 44. Kf2 g4 45. Qh5 Kg7 46. Qg5+ Qg6 47. Qxf4
Qc2+ 48. Kg1 Qxc3 49. Qxg4+ Kf7 50. Qf3+ 1-0

[Event "VI Festival A"]
[Site "Amantea ITA"]
[Date "2008.09.02"]
[Round "3"]
[White "Stoja, Rocco"]
[Black "Lombardi, Mariano"]
[Result "0-1"]
[WhiteElo "1899"]
[BlackElo "1928"]
[PlyCount "94"]
[EventDate "2008.08.31"]

1. d4 Nf6 2. c4 g6 3. Nc3 Bg7 4. e4 d6 5. Nf3 O-O 6. Bg5 Nbd7 7. Qd2 c6 8. Be2
e5 9. O-O Qe7 10. Rad1 Re8 11. dxe5 dxe5 12. Qd6 Qxd6 13. Rxd6 h6 14. Bxf6 Nxf6
15. h3 Be6 16. Rfd1 Nh5 17. Nh4 Nf4 18. Bf1 Bf8 19. R6d2 Bc5 20. Kh2 a5 21. g3
Nh5 22. a3 Kf8 23. Nf3 f6 24. Na4 Ba7 25. Kg2 b5 26. Nc3 bxc4 27. Be2 Ng7 28.
Nh4 Kf7 29. Nf3 Ke7 30. Nh4 g5 31. Nf3 Reb8 32. Nh2 Ne8 33. Bg4 Bd4 34. Bxe6
Kxe6 35. Na4 Rb3 36. Nf3 Ba7 37. Rd7 Rb5 38. Rh7 Nd6 39. h4 Nxe4 40. Rdd7 Bc5
41. Nxc5+ Nxc5 42. Rhe7+ Kf5 43. Rc7 Rxb2 44. h5 Ne4 45. Nh2 Rxf2+ 46. Kh3 Rb8
47. Rb7 Rd8 0-1

[Event "VI Festival A"]
[Site "Amantea ITA"]
[Date "2008.09.03"]
[Round "4"]
[White "Bentivegna, Francesco"]
[Black "Sabia, Corrado"]
[Result "1-0"]
[WhiteElo "2329"]
[BlackElo "2205"]
[PlyCount "135"]
[EventDate "2008.08.31"]

1. e4 c5 2. a3 g6 3. h4 h5 4. Nc3 Bg7 5. Bc4 Nc6 6. d3 e6 7. Bg5 Nge7 8. Nge2
a6 9. Qd2 b5 10. Ba2 Qc7 11. Nd1 Bb7 12. c3 d5 13. exd5 exd5 14. d4 cxd4 15.
cxd4 O-O 16. Ne3 Qd7 17. O-O Nf5 18. Nxf5 Qxf5 19. Bh6 Rfe8 20. Bxg7 Kxg7 21.
Rfe1 Ne7 22. Nc3 Qg4 23. Qg5 Nf5 24. Qxg4 hxg4 25. Rxe8 Rxe8 26. Rd1 Rd8 27. g3
Kf6 28. Kf1 Ke7 29. Ke2 Kd6 30. Kd3 Re8 31. b4 Bc6 32. Bb3 a5 33. Rh1 a4 34.
Bd1 Nh6 35. Be2 Kc7 36. Kd2 Kb6 37. Bd3 Re6 38. Ne2 Ng8 39. Nf4 Re8 40. h5 g5
41. Ng2 Nf6 42. Ne3 Bd7 43. h6 Rh8 44. h7 Kc7 45. Rh6 Ne4+ 46. Ke1 Nc3 47. Rh5
f6 48. Rh6 Kd6 49. Rxf6+ Ke7 50. Rb6 Be6 51. Bxb5 Nb1 52. Nc2 Bf5 53. Ne3 Be4
54. Rb7+ Kd6 55. Nxg4 Nxa3 56. Bxa4 Bxh7 57. Rb6+ Ke7 58. Rh6 Kf7 59. Bb3 Kg7
60. Ra6 Nc2+ 61. Bxc2 Bxc2 62. Kd2 Be4 63. Ra7+ Kg6 64. Ne5+ Kf6 65. b5 Rc8 66.
Nd7+ Kf5 67. b6 Rc2+ 68. Kd1 1-0

[Event "VI Festival A"]
[Site "Amantea ITA"]
[Date "2008.09.03"]
[Round "4"]
[White "Lombardi, Mariano"]
[Black "Ambrosanio, Raffaele"]
[Result "1-0"]
[WhiteElo "1928"]
[BlackElo "1942"]
[PlyCount "61"]
[EventDate "2008.08.31"]

1. e4 d6 2. d4 Nf6 3. Nc3 g6 4. Bc4 Bg7 5. Nge2 O-O 6. f3 c6 7. Bb3 Nbd7 8. Be3
b5 9. a3 Bb7 10. Qd2 Re8 11. h4 a5 12. Bh6 b4 13. Na4 c5 14. h5 e6 15. Bxg7
Kxg7 16. hxg6 fxg6 17. Qh6+ Kf7 18. O-O-O Ba6 19. dxc5 Bxe2 20. Rxd6 Qc7 21. e5
Nxe5 22. Qxh7+ Nxh7 23. Rxh7+ Kf6 24. Rxc7 bxa3 25. bxa3 Bf1 26. Nb6 Rad8 27.
Nd5+ Kg5 28. f4+ Kh4 29. Ne3 Bxg2 30. Nxg2+ Kg3 31. fxe5 1-0

[Event "VI Festival A"]
[Site "Amantea ITA"]
[Date "2008.09.03"]
[Round "4"]
[White "Marholev, Dimitar"]
[Black "Maiorov, Nikita"]
[Result "0-1"]
[WhiteElo "2366"]
[BlackElo "2535"]
[PlyCount "76"]
[EventDate "2008.08.31"]

1. d4 Nf6 2. Nf3 e6 3. g3 b6 4. Bg2 Bb7 5. c4 Be7 6. O-O O-O 7. d5 exd5 8. Nh4
c6 9. cxd5 Nxd5 10. Nf5 Nc7 11. Bf4 d5 12. e4 Ne6 13. Qg4 Nd7 14. Nh6+ Kh8 15.
Nxf7+ Rxf7 16. Qxe6 Rxf4 17. gxf4 Nc5 18. Qf7 Nxe4 19. Bxe4 dxe4 20. Nc3 Qc7
21. f5 Rf8 22. Qe6 Bd6 23. Nxe4 Bxh2+ 24. Kg2 Bc8 25. Qb3 Be5 26. Ng3 c5 27.
Rae1 Bb7+ 28. Kh3 Rf6 29. Qe3 Rh6+ 30. Kg4 Qe7 31. Nh5 Qf7 32. Qg5 Bf6 33. Nxf6
Rxf6 34. Re5 h6 35. Qf4 Bc8 36. Rh1 Qg6+ 37. Kh4 Bxf5 38. Qg3 Qf7 0-1

[Event "VI Festival A"]
[Site "Amantea ITA"]
[Date "2008.09.03"]
[Round "4"]
[White "Rigo, Gianfrancesco"]
[Black "Gad, Ahmad"]
[Result "0-1"]
[WhiteElo "2016"]
[BlackElo "1957"]
[PlyCount "82"]
[EventDate "2008.08.31"]

1. e4 c5 2. Nf3 d6 3. d4 cxd4 4. Nxd4 Nf6 5. Nc3 g6 6. Be3 Bg7 7. f3 O-O 8. Qd2
Nc6 9. Bc4 Bd7 10. O-O-O Rc8 11. Bb3 Ne5 12. h4 h5 13. Bg5 Rc5 14. g4 hxg4 15.
f4 Nc4 16. Qd3 b5 17. e5 dxe5 18. Ndxb5 Qc8 19. Nxa7 Qc7 20. Bxf6 Bf5 21. Nd5
Bxf6 22. Nxc7 Bxd3 23. Na6 Ra5 24. Rxd3 Nd6 25. Nc6 Rxa6 26. Nxe5 Bxe5 27. fxe5
Nf5 28. h5 Kg7 29. hxg6 Rxg6 30. Bd5 e6 31. Be4 Rh8 32. Rg1 Rh2 33. a4 Re2 34.
Bxf5 exf5 35. Rd5 f4 36. Kd1 f3 37. a5 Rg2 38. Rf1 Re2 39. Rg1 g3 40. a6 Rg2
41. Rf1 Rxa6 0-1

[Event "VI Festival A"]
[Site "Amantea ITA"]
[Date "2008.09.03"]
[Round "4"]
[White "Savage, Ben D.M."]
[Black "Shytaj, Luca"]
[Result "0-1"]
[WhiteElo "2309"]
[BlackElo "2467"]
[PlyCount "52"]
[EventDate "2008.08.31"]

1. e4 Nc6 2. d4 d5 3. e5 Bf5 4. Nf3 e6 5. a3 h5 6. Nc3 Nh6 7. Bf4 Bg4 8. Be2
Nf5 9. Be3 f6 10. exf6 Qxf6 11. Nb5 Bxf3 12. Bxf3 O-O-O 13. Qd2 Nh4 14. Qd1 g5
15. Rg1 a6 16. Nc3 g4 17. Be2 e5 18. dxe5 Qxe5 19. g3 d4 20. Bf4 Nf3+ 21. Kf1
dxc3 22. Bxe5 Rxd1+ 23. Rxd1 Nfxe5 24. Rh1 cxb2 25. Kg2 Bxa3 26. h3 Rd8 0-1

[Event "VI Festival A"]
[Site "Amantea ITA"]
[Date "2008.09.03"]
[Round "4"]
[White "Spassov, Liuben D."]
[Black "Calzetta Ruiz, Monica"]
[Result "0-1"]
[WhiteElo "2428"]
[BlackElo "2264"]
[PlyCount "74"]
[EventDate "2008.08.31"]

1. d4 Nf6 2. c4 c5 3. d5 b5 4. Nf3 g6 5. Qc2 Bg7 6. e4 O-O 7. cxb5 Bb7 8. Nc3
e6 9. Be2 exd5 10. exd5 d6 11. Bg5 Nbd7 12. O-O h6 13. Bxf6 Qxf6 14. Rad1 Rfe8
15. Rfe1 Qf4 16. Bf1 Nb6 17. b3 Bxc3 18. Qxc3 Nxd5 19. Qc4 Qxc4 20. Bxc4 Nf4
21. Nh4 d5 22. Bf1 d4 23. g3 Nd5 24. Bg2 Rab8 25. Rxe8+ Rxe8 26. Ra1 Re7 27. a4
d3 28. Bf1 Nb4 29. Rd1 Bd5 30. Rd2 Bxb3 31. Bxd3 Rd7 32. Bc4 Rxd2 33. Bxb3 Rb2
34. Bc4 Rc2 35. Bf1 c4 36. a5 g5 37. Nf3 Rc1 0-1

[Event "VI Festival A"]
[Site "Amantea ITA"]
[Date "2008.09.03"]
[Round "5"]
[White "Calzetta Ruiz, Monica"]
[Black "Bentivegna, Francesco"]
[Result "0-1"]
[WhiteElo "2264"]
[BlackElo "2329"]
[PlyCount "88"]
[EventDate "2008.08.31"]

1. e4 Nc6 2. Nf3 Nf6 3. e5 Nd5 4. c4 Nb6 5. c5 Nd5 6. Bc4 e6 7. d4 d6 8. cxd6
cxd6 9. O-O Be7 10. Qe2 O-O 11. Nc3 dxe5 12. dxe5 Nxc3 13. bxc3 Qa5 14. Bd3 Rd8
15. Rd1 Bd7 16. Qe4 g6 17. h4 Be8 18. h5 Qxc3 19. Bf4 Qb4 20. hxg6 hxg6 21. Qe3
Bc5 22. Qc1 Qa3 23. Bg5 Rd7 24. Qf4 Rxd3 25. Rxd3 Qxd3 26. Bf6 g5 27. Qxg5+ Qg6
28. Qh4 Qh7 29. Qg4+ Kf8 30. Ng5 Qg8 31. Qh3 Bd7 32. Rd1 Ke8 33. Qd3 Nd4 34.
Ne4 Bc6 35. g3 Bxe4 36. Qxe4 Nc6 37. Kg2 Qg6 38. Qh4 Bf8 39. Qa4 Be7 40. Qb5
Bxf6 41. exf6 Qe4+ 42. Kg1 Qb4 43. Qe2 Rd8 44. Rc1 Rd5 0-1

[Event "VI Festival A"]
[Site "Amantea ITA"]
[Date "2008.09.03"]
[Round "5"]
[White "Duggan, Christopher"]
[Black "Rigo, Gianfrancesco"]
[Result "1-0"]
[WhiteElo "2050"]
[BlackElo "2016"]
[PlyCount "70"]
[EventDate "2008.08.31"]

1. e4 c5 2. Nf3 g6 3. d4 cxd4 4. Qxd4 Nf6 5. Bb5 a6 6. e5 axb5 7. exf6 Nc6 8.
Qh4 Ra4 9. Qg3 Re4+ 10. Be3 d5 11. Nfd2 Rg4 12. Qf3 e5 13. h3 Rb4 14. Nb3 e4
15. Qe2 Qxf6 16. c3 Rc4 17. N1d2 Ne5 18. Nc1 Bg7 19. Nxc4 bxc4 20. Bd4 Qg5 21.
Kf1 O-O 22. b3 b5 23. Qe3 Qh5 24. bxc4 bxc4 25. Ne2 Bh6 26. Nf4 Qf5 27. Nxd5
Bxe3 28. Ne7+ Kh8 29. Nxf5 Bxd4 30. Nxd4 Nd3 31. Rb1 Be6 32. Nc6 Nc5 33. Ke2
Na4 34. Kd2 Re8 35. Rb8 35... Bc8 {phone default} 1-0

[Event "VI Festival A"]
[Site "Amantea ITA"]
[Date "2008.09.03"]
[Round "5"]
[White "Estremera Panos, Sergio"]
[Black "Shaw, David A."]
[Result "1-0"]
[WhiteElo "2394"]
[BlackElo "2269"]
[PlyCount "53"]
[EventDate "2008.08.31"]

1. d4 e6 2. c4 d5 3. Nc3 Nf6 4. Nf3 Nbd7 5. Bg5 c6 6. e3 Qa5 7. cxd5 Nxd5 8.
Qd2 Bb4 9. Rc1 h6 10. Bh4 c5 11. a3 Bxc3 12. bxc3 b6 13. e4 N5f6 14. Bd3 Ba6
15. O-O Rc8 16. Bxa6 Qxa6 17. e5 Nh7 18. d5 exd5 19. Qxd5 g5 20. e6 Ndf6 21.
Qd6 fxe6 22. Rfe1 Nf8 23. Rxe6+ Nxe6 24. Qxe6+ Kd8 25. Bg3 Nd7 26. Rd1 Qa4 27.
Qf6+ 1-0

[Event "VI Festival A"]
[Site "Amantea ITA"]
[Date "2008.09.03"]
[Round "5"]
[White "Gad, Ahmad"]
[Black "Damia, Angelo"]
[Result "0-1"]
[WhiteElo "1957"]
[BlackElo "2247"]
[PlyCount "64"]
[EventDate "2008.08.31"]

1. e4 Nf6 2. e5 Nd5 3. d4 d6 4. c4 Nb6 5. exd6 cxd6 6. Nc3 g6 7. h3 Bg7 8. Nf3
O-O 9. Bd3 Nc6 10. Be3 e5 11. dxe5 dxe5 12. O-O Be6 13. Qe2 Rc8 14. Ng5 Nd4 15.
Bxd4 Qxg5 16. Be3 Qh4 17. c5 Nd5 18. Nxd5 Bxd5 19. Qg4 Qxg4 20. hxg4 e4 21. Be2
Bxb2 22. Rab1 Be5 23. Rfd1 Rfd8 24. a3 Bc6 25. Bc4 Kg7 26. Kf1 a6 27. Ke2 Bf6
28. g5 Be7 29. Bd4+ Rxd4 30. Rxd4 Bxc5 31. Rdd1 Bxa3 32. Rh1 Be7 0-1

[Event "VI Festival A"]
[Site "Amantea ITA"]
[Date "2008.09.03"]
[Round "5"]
[White "Garofalo, Massimo"]
[Black "Ljubisavljevic, Zivojin Z."]
[Result "0-1"]
[WhiteElo "1829"]
[BlackElo "2261"]
[PlyCount "94"]
[EventDate "2008.08.31"]

1. e4 c6 2. d4 d5 3. Nc3 dxe4 4. Nxe4 Nf6 5. Ng3 g6 6. Nf3 Bg7 7. Bc4 O-O 8. c3
Bg4 9. h3 Bxf3 10. Qxf3 Nbd7 11. Bf4 Nb6 12. Bb3 Nfd5 13. Bd2 a5 14. h4 a4 15.
Bxd5 Qxd5 16. Qxd5 cxd5 17. h5 Nc4 18. Rb1 e5 19. h6 Bf6 20. Be3 Rfe8 21. Kd1
a3 22. b3 Nxe3+ 23. fxe3 exd4 24. exd4 Re3 25. Rf1 Rxg3 26. Rxf6 Rxg2 27. Rd6
Rxa2 28. Rxd5 Rh2 29. Re5 a2 30. Ra1 Rxh6 31. Re2 Rh1+ 32. Re1 Rxe1+ 33. Kxe1
Kf8 34. Kd2 Ke7 35. c4 Kd6 36. Kc3 h5 37. Kd3 f5 38. Ke2 g5 39. Kf2 h4 40. Kg2
g4 41. Kf2 f4 42. Kg2 h3+ 43. Kh2 Ra3 44. b4 Ra4 45. c5+ Kc6 46. Kh1 g3 47. Kg1
Rxb4 0-1

[Event "VI Festival A"]
[Site "Amantea ITA"]
[Date "2008.09.03"]
[Round "5"]
[White "Isonzo, David"]
[Black "Savage, Ben D.M."]
[Result "1-0"]
[WhiteElo "2362"]
[BlackElo "2309"]
[PlyCount "117"]
[EventDate "2008.08.31"]

1. e4 e5 2. Nf3 Nc6 3. Bb5 a6 4. Bxc6 dxc6 5. O-O f6 6. d4 exd4 7. Nxd4 c5 8.
Nb3 Qxd1 9. Rxd1 Be6 10. Bf4 c4 11. Nd4 O-O-O 12. Nc3 Bf7 13. Nf5 Re8 14. Ne3
Ne7 15. Bg3 Nc6 16. f3 Bc5 17. Bf2 Nb4 18. a3 Bxe3 19. axb4 Bf4 20. b5 Rd8 21.
bxa6 Rxd1+ 22. Nxd1 b6 23. Bg3 Bxg3 24. hxg3 Kb8 25. Nc3 Rd8 26. Nb5 Rd7 27. c3
Be8 28. Kf1 Re7 29. a7+ Ka8 30. Nd4 g6 31. Nc2 c6 32. Ne3 b5 33. Ng4 f5 34. Nf6
fxe4 35. Nxe4 Bd7 36. Ke2 Bf5 37. Ke3 Rd7 38. Nf6 Rd3+ 39. Ke2 h5 40. Ra6 c5
41. Ne8 Rd7 42. Nd6 Re7+ 43. Kf2 Re6 44. Rc6 Bd3 45. Rb6 b4 46. Nc8 Rxb6 47.
Nxb6+ Kxa7 48. Nd7 Bf5 49. Nxc5 Kb6 50. Ne4 Bxe4 51. fxe4 bxc3 52. bxc3 g5 53.
Kf3 Kc6 54. Ke3 Kc5 55. g4 h4 56. e5 Kd5 57. e6 Kd6 58. Kd4 Kxe6 59. Ke4 1-0

[Event "VI Festival A"]
[Site "Amantea ITA"]
[Date "2008.09.03"]
[Round "5"]
[White "Sabia, Corrado"]
[Black "Grimaldi, Fabio"]
[Result "1/2-1/2"]
[WhiteElo "2205"]
[BlackElo "1814"]
[PlyCount "23"]
[EventDate "2008.08.31"]

1. c4 Nf6 2. Nc3 g6 3. d4 d5 4. Nf3 Bg7 5. g3 O-O 6. Bg2 c5 7. cxd5 Nxd5 8. O-O
Nxc3 9. bxc3 Nc6 10. e3 Qa5 11. Bd2 Rd8 12. Qc2 1/2-1/2

[Event "VI Festival A"]
[Site "Amantea ITA"]
[Date "2008.09.04"]
[Round "6"]
[White "Ambrosanio, Raffaele"]
[Black "Grimaldi, Fabio"]
[Result "1-0"]
[WhiteElo "1942"]
[BlackElo "1814"]
[PlyCount "105"]
[EventDate "2008.08.31"]

1. c4 f5 2. g3 Nf6 3. Bg2 e6 4. Nf3 d5 5. O-O c6 6. b3 Bd6 7. Ba3 O-O 8. d4
Bxa3 9. Nxa3 Qd6 10. Nc2 Nbd7 11. Qd3 Ne4 12. Nd2 Ndf6 13. f3 Nxd2 14. Qxd2 Bd7
15. Rac1 Rad8 16. c5 Qc7 17. Nb4 e5 18. dxe5 Qxe5 19. Nd3 Qc7 20. Qc3 Rfe8 21.
Nf2 f4 22. gxf4 Qxf4 23. e4 Qg5 24. Kh1 Qh4 25. Nd3 dxe4 26. fxe4 Bh3 27. Bxh3
Qxh3 28. Qc4+ Kh8 29. Nf4 Qh4 30. Rc3 Rd2 31. Rh3 Qg5 32. Qf7 h6 33. Rg3 Rd7
34. Ng6+ Kh7 35. Nf8+ Rxf8 36. Qxf8 Ng4 37. Qf4 Qxf4 38. Rxf4 g6 39. Rf1 h5 40.
h3 Ne5 41. Rf8 Rd2 42. Re8 Nd3 43. Re3 Nf4 44. e5 Rd1+ 45. Kh2 h4 46. e6 Rd2+
47. Kg1 Rd1+ 48. Kf2 Rd2+ 49. Kf3 g5 50. e7 Nxh3 51. Rd8 Rf2+ 52. Kg4 Nf4 53.
e8=Q 1-0

[Event "VI Festival A"]
[Site "Amantea ITA"]
[Date "2008.09.04"]
[Round "6"]
[White "Bentivegna, Francesco"]
[Black "Estremera Panos, Sergio"]
[Result "1/2-1/2"]
[WhiteElo "2329"]
[BlackElo "2394"]
[PlyCount "20"]
[EventDate "2008.08.31"]

1. Nc3 d5 2. e4 d4 3. Nce2 e5 4. Ng3 Be6 5. c3 c5 6. Bb5+ Nd7 7. Nf3 f6 8. cxd4
cxd4 9. O-O Ne7 10. d3 Qb6 1/2-1/2

[Event "VI Festival A"]
[Site "Amantea ITA"]
[Date "2008.09.04"]
[Round "6"]
[White "Damia, Angelo"]
[Black "Marholev, Dimitar"]
[Result "1/2-1/2"]
[WhiteElo "2247"]
[BlackElo "2366"]
[PlyCount "40"]
[EventDate "2008.08.31"]

1. d4 c5 2. Nc3 cxd4 3. Qxd4 Nc6 4. Qh4 d5 5. e4 d4 6. Nd5 e6 7. Qxd8+ Kxd8 8.
Nf4 Nf6 9. Bd3 e5 10. Nfe2 Nd7 11. f4 f6 12. Nf3 Nc5 13. fxe5 Nxe5 14. Nexd4
Nexd3+ 15. cxd3 Nxd3+ 16. Ke2 Nc5 17. Rd1 Bd7 18. e5 Ke8 19. exf6 gxf6 20. Bf4
Ne6 1/2-1/2

[Event "VI Festival A"]
[Site "Amantea ITA"]
[Date "2008.09.04"]
[Round "6"]
[White "Duggan, Christopher"]
[Black "Calzetta Ruiz, Monica"]
[Result "0-1"]
[WhiteElo "2050"]
[BlackElo "2264"]
[PlyCount "30"]
[EventDate "2008.08.31"]

1. e4 c5 2. Nf3 g6 3. d4 cxd4 4. Qxd4 Nf6 5. e5 Nc6 6. Qa4 Nd5 7. Qe4 Nc7 8.
Nc3 Bg7 9. Bf4 O-O 10. Bc4 b5 11. Bb3 Bb7 12. Qd3 a5 13. Rd1 a4 14. e6 axb3 15.
Qxd7 bxc2 0-1

[Event "VI Festival A"]
[Site "Amantea ITA"]
[Date "2008.09.04"]
[Round "6"]
[White "Ljubisavljevic, Zivojin Z."]
[Black "Savage, Ben D.M."]
[Result "1-0"]
[WhiteElo "2261"]
[BlackElo "2309"]
[PlyCount "75"]
[EventDate "2008.08.31"]

1. e4 e5 2. Nf3 Nc6 3. Nc3 Nf6 4. d4 exd4 5. Nxd4 Bb4 6. Nxc6 bxc6 7. Bd3 d5 8.
exd5 Nxd5 9. O-O Nxc3 10. bxc3 Be7 11. Qf3 O-O 12. Qxc6 Be6 13. Qe4 g6 14. Bh6
Re8 15. Bb5 Bd5 16. Qa4 c6 17. Bxc6 Bxc6 18. Qxc6 Rc8 19. Qa4 Bc5 20. Rad1 Qf6
21. Be3 Bxe3 22. fxe3 Qxc3 23. Qxa7 Rc7 24. Qd4 Qa3 25. Qf4 Qa7 26. Rf2 Rc3 27.
Qd4 Qc7 28. Qd7 Rexe3 29. Rxf7 Qxd7 30. Rfxd7 Rxc2 31. Ra7 Kf8 32. a4 Ra2 33.
Rxh7 Kg8 34. Ra7 Re8 35. h3 Kf8 36. Rd6 Re4 37. Rf6+ Ke8 38. Rxg6 1-0

[Event "VI Festival A"]
[Site "Amantea ITA"]
[Date "2008.09.04"]
[Round "6"]
[White "Rigo, Gianfrancesco"]
[Black "Garofalo, Massimo"]
[Result "0-1"]
[WhiteElo "2016"]
[BlackElo "1829"]
[PlyCount "140"]
[EventDate "2008.08.31"]

1. e4 c5 2. Nf3 d6 3. d4 cxd4 4. Nxd4 Nf6 5. Nc3 a6 6. Bc4 e6 7. Bb3 Be7 8. O-O
O-O 9. f4 Qc7 10. Be3 b5 11. a3 Bb7 12. Qf3 Nbd7 13. Bxe6 fxe6 14. Nxe6 Qc4 15.
Nxf8 Bxf8 16. Qh3 Bxe4 17. Rad1 Re8 18. Rd4 Qe6 19. f5 Bxf5 20. Rxf5 Qxe3+ 21.
Qxe3 Rxe3 22. Kf2 Re8 23. Kf3 Ne5+ 24. Kg3 Nc4 25. a4 Nxb2 26. axb5 Re3+ 27.
Rf3 Rxf3+ 28. Kxf3 axb5 29. Rb4 Nc4 30. Nxb5 d5 31. Ra4 Bc5 32. Ra8+ Kf7 33.
Rc8 Bb6 34. Nc3 Ne5+ 35. Ke2 Ke7 36. Rb8 Bg1 37. Rb7+ Ned7 38. h3 Ke6 39. Rb1
Bc5 40. Na4 Bd6 41. Ke3 g5 42. Nc3 Ne5 43. Rb7 Nc4+ 44. Ke2 Be5 45. Nd1 h6 46.
Nf2 Bc3 47. Nd3 Bd4 48. g4 Nd6 49. Rc7 Bb6 50. Nc5+ Bxc5 51. Rxc5 Ke5 52. Kf3
Kd4 53. Rc6 Ke5 54. Rc7 d4 55. Re7+ Kd5 56. Rg7 Nc4 57. Ke2 Ke4 58. Re7+ Ne5
59. Re6 Nd5 60. Rxh6 Nf4+ 61. Kd1 Nf3 62. Rh8 Nh4 63. Re8+ Kf3 64. Rd8 Ke3 65.
Re8+ Kf2 66. Re4 Nf3 67. h4 gxh4 68. Rxf4 h3 69. Rf8 Kg3 70. Ke2 Ng1+ 0-1

[Event "VI Festival A"]
[Site "Amantea ITA"]
[Date "2008.09.04"]
[Round "6"]
[White "Sabia, Corrado"]
[Black "Gad, Ahmad"]
[Result "1-0"]
[WhiteElo "2205"]
[BlackElo "1957"]
[PlyCount "125"]
[EventDate "2008.08.31"]

1. e4 c5 2. Nf3 d6 3. d4 cxd4 4. Nxd4 Nf6 5. Nc3 g6 6. g3 Nc6 7. Nde2 Bg7 8.
Bg2 O-O 9. O-O Rb8 10. h3 b5 11. Re1 b4 12. Nd5 Nd7 13. Kh2 Nc5 14. f4 a5 15.
Rb1 e6 16. Ne3 Qc7 17. b3 Ba6 18. Bb2 Bxb2 19. Rxb2 f6 20. Rb1 Rbd8 21. Nd4 Ne7
22. Qg4 Qc8 23. Qh4 Kg7 24. Rbd1 Qc7 25. f5 e5 26. Ne2 g5 27. Qh5 Bb5 28. h4
Be8 29. Qf3 h6 30. Rh1 Rh8 31. Nc1 Bc6 32. Nd5 Nxd5 33. exd5 Bd7 34. Bf1 Qc8
35. Bc4 Be8 36. Rhf1 Bf7 37. Qe3 Qb7 38. Nd3 Rc8 39. Nf2 Rce8 40. Ne4 Nxe4 41.
Qxe4 Rc8 42. Rd2 Rc5 43. Kg2 Rd8 44. Rh1 Rh8 45. Kf1 Rcc8 46. Rh3 Qa8 47. Rdh2
Qa7 48. g4 Qa8 49. Qh1 Rce8 50. hxg5 hxg5 51. Rh7+ Rxh7 52. Rxh7+ Kf8 53. Qh6+
Ke7 54. Qg7 Rf8 55. Rh6 Qb8 56. Qxf6+ Kd7 57. Rh7 Ke8 58. Rh8 Qb6 59. Rxf8+
Kxf8 60. Qxg5 Qd4 61. Qd8+ Kg7 62. Qg5+ Kf8 63. Qh6+ 1-0

[Event "VI Festival A"]
[Site "Amantea ITA"]
[Date "2008.09.04"]
[Round "6"]
[White "Shaw, David A."]
[Black "Procacci, Sergio"]
[Result "0-1"]
[WhiteElo "2269"]
[BlackElo "2006"]
[PlyCount "74"]
[EventDate "2008.08.31"]

1. e4 d6 2. d4 Nf6 3. Nc3 g6 4. f3 c6 5. Be3 Qa5 6. Qd2 b5 7. Nge2 Nbd7 8. g4
b4 9. Nd1 Ba6 10. h4 e5 11. a3 Rb8 12. Nf2 d5 13. h5 c5 14. hxg6 fxg6 15. dxc5
d4 16. Bg5 Bxc5 17. Nc1 Qb6 18. Nb3 bxa3 19. bxa3 Be7 20. Bxa6 Qxa6 21. Nd3
Rxb3 22. cxb3 Nxe4 23. fxe4 Bxg5 24. Qe2 O-O 25. Nb4 Qa5 26. Qc4+ Kg7 27. Rf1
Bf4 28. Qd5 Qd8 29. Kd1 Qc8 30. Qc6 Nf6 31. Rb1 Qxg4+ 32. Ke1 Qg3+ 33. Kd1 Qg4+
34. Ke1 Bg3+ 35. Kd2 Nxe4+ 36. Kd3 Rf3+ 37. Kc4 Rc3+ 0-1